« Retourner aux résultats de recherche
Né d'aucune femme
| Auteur principal: | Franck Bouysse Auteur du texte |
|---|---|
| Support: | Livres |
| Langue: | Francais |
| Publié: |
2019 LGF Paris |
| Genre: |
Roman |
| Collection: |
|
| Sujets: | |
| Étiquettes: |
Ajouter
Pas de Tags !
|
| LEADER | 01032nam0a2200205 450 | ||
|---|---|---|---|
| 001 | 16837197 | ||
| 010 | |a 978-2-253-04480-2 |b br. |d 8,2 | ||
| 100 | |a 20200909d2019 u u0frey01 ba | ||
| 101 | 0 | |a fre | |
| 102 | |a FR | ||
| 200 | 0 | |a Né d'aucune femme |f Franck Bouysse | |
| 207 | 1 | |a | |
| 210 | |a Paris |b 79 boulevard Saint Germain. |c LGF |d 2019 | ||
| 215 | |a 1 vol. (332 p.) |d 18 cm | ||
| 225 | 1 | |v 35852 | |
| 330 | |a « Mon père, on va bientôt vous demander de bénir le corps d'une femme à l'asile.- Et alors, qu'y a-t-il d'extraordinaire à cela ? demandai-je.- Sous sa robe, c'est là que je les ai cachés.- De quoi parlez-vous ?- Les cahiers... Ceux de Rose. »Ainsi sortent de l'ombre les cahiers de Rose, ceux dans lesquels elle a raconté son histoire, cherchant à briser le secret dont on voulait couvrir son destin. | ||
| 700 | 0 | |a Bouysse |b Franck |c Auteur du texte |f 1965-.... |4 70 | |
| 900 | |a Roman | ||
| 901 | |a Accessible au prêt | ||
| 995 | |a Bibliothèque |c Bibliothèque |f 024021714 |h 024021714 |k R BOU |o p |q a |r az |e Bibliothèque | ||
